000 00637nam a2200241Ia 4500
003 OSt
005 20221005130152.0
006 a|||||r|||| 00| 0
007 ta
008 221004b |||||||| |||| 00| 0 eng d
024 _a31908
037 _cTextual
040 _aCRL
_cCRL
_beng
041 _2eng
_aeng
082 _a8282:N63, K3 RR
100 _aDandia Milap Chand Ed.
_9637691
245 0 _aRajasthan yearbook and who's who 1963
260 _c1963
650 _a YEARBOOKS
_91188
650 _aGENERALIA
942 _h8282:N63, K3 RR
_cTEXL
_2cc
999 _c1056306
_d1056306